| 000 | 00351nam a2200145Ia 4500 | ||
|---|---|---|---|
| 008 | 230312s9999||||xx |||||||||||||| ||und|| | ||
| 020 | _a988-15070-0-6 | ||
| 082 |
_a728 _bLIU-R |
||
| 100 | _aLiu;Helen | ||
| 245 | 0 | _aResidential Skin & Details | |
| 260 |
_bMedia _aChina _c2012 |
||
| 300 | _a271 | ||
| 650 |
_aArchitecture _vArchitecture |
||
| 942 | _cBK | ||
| 999 |
_c12138 _d12138 |
||